| 000 | 00000nam##2200000za#4500 |
| 001 | 9.597897 |
| 003 | CaOODSP |
| 005 | 20210624204254 |
| 007 | cr ||||||||||| |
| 008 | 150406|2004||||xxc|||||o f|0| 0 fre|d |
| 040 | |aCaOODSP|bfre |
| 043 | |an-cn--- |
| 086 | 1 |aTU3-5/04-45F-PDF |
| 110 | 2 |aBureau de la sécurité des transports du Canada. |
| 245 | 10|aCollision avec le relief du Piper PA-28-140 Cherokee C-FYKS exploité par Atlantic Aviation Academy Inc. à 10 nm au sud-ouest de St. John's (Terre-Neuve-et-Labrador), le 5 décembre 2004 |h[ressource électronique] |
| 260 | |aGatineau - Québec : |bBureau de la sécurité des transports du Canada |c[2005]. |
| 300 | |a6p.|bfigure, références |
| 490 | 1 |aRapport d'enquête aéronautique |vA04A0148 |
| 590 | |a10-05-Supp|b2010-07-20 |
| 691 | 07|aAccident d'avion|2gcpds |
| 775 | 08|tCollision with terrain - Atlantic Aviation Academy Inc. Piper PA-28-140 Cherokee C-FYKS, St. John's, Newfoundland and Labrador 10 nm SW, 05 December 2004 |w(CaOODSP)9.566394 |
| 830 | #0|aRapport d'enquête aéronautique ;|vA04A0148|w(CaOODSP)9.501229 |
| 856 | 40|ahttp://publications.gc.ca|qPDF|s107 Ko|uhttps://publications.gc.ca/collections/collection_2009/bst-tsb/TU3-5-04-45F.pdf|yA04A0148 |